Diseño arquitectónico del mercado municipal y terminal de transporte de Masatepe

Presenta un estudio de modelo análogo de mercado municipal a nivel nacional, a fin de obtener criterios de diseño aplicables a la presente propuesta, se realizó un diagnóstico de los atributos urbanos de Masatepe para la selección del sitio optimo del emplazamiento de los equipamientos propuest...

Full description

Bibliographic Details
Main Authors: Blanco Gutiérrez, Tania Guadalupe, Moncada Bertrand, Arlen Yesenia
Other Authors: Tutor: Rosales Rivera, Benjamin
Format: Tesis Section = Libro
Language:Undetermined
Spanish
Published: Managua UNI 2008
Subjects:
LEADER 01469nam a2200277Ia 4500
008 240830s9999 xx 000 0 und d
040 |a BIBLIOTECA-RUSB/ Mon 725.2 B641 
041 |a spa 
082 |a Mon 725.2 B641 
100 1 |a Blanco Gutiérrez, Tania Guadalupe 
100 1 |b Moncada Bertrand, Arlen Yesenia 
245 1 0 |a Diseño arquitectónico del mercado municipal y terminal de transporte de Masatepe 
260 |a Managua  |b UNI  |c 2008 
300 |a 133 p. :il. 
500 |a Contiene: anexos. 
502 |a Tesis (Arquitecto) - UNI, 2008. 
520 3 |a Presenta un estudio de modelo análogo de mercado municipal a nivel nacional, a fin de obtener criterios de diseño aplicables a la presente propuesta, se realizó un diagnóstico de los atributos urbanos de Masatepe para la selección del sitio optimo del emplazamiento de los equipamientos propuestos, muestra el proceso de diseño del mercado municipal y la terminal de transporte de Masatepe, presentando como resultado final una memoria descriptiva del proyecto y la memoria gráfica del mismo. 
650 7 |a EDIFCIOS COMERCIALES - MERCADO - MASATEPE 
650 7 |b  DISEÑO ARQUITECTÓNICO -MERCADO - TERMINAL DE BUSES 
650 7 |c  MODELOS ANÁLOGOS - MERCADO 
650 7 |d  NORMAS URBANAS - ARQUITECTURA - MERCADO 
650 7 |e  PLANOS ARQUITECTÓNICOS - MERCADO - TERMINAL DE BUSES 
700 1 |a Tutor:  |b Rosales Rivera, Benjamin 
942 |c BK  |2 ddc 
991 |a TESIS 
999 |c 21218